000 01069naa a22002657a 4500
001 BR9405033
003 BR-BrBNA
005 20250721155519.0
007 ta
008 250630b bl.|||m| |||| 00| 0 por d
040 _aBR-BrBNA
_bpor
_cBiblioteca Nacional de Agricultura
041 _a(Pt)
072 _aF30
_b2603
090 _aF30 BR9405033
100 1 _aOliveira, V.P. de
111 1 _a1. Reuniao Tecnico-Cientifica sobre o Melhoramento Genetico do Urucuzeiro
_cBelem, PA (Brazil)
_d22-24 Oct 1991
245 1 _aSelecao em plantas de urucu
500 _a1. Reuniao Tecnico-Cientifica sobre o Melhoramento Genetico do Urucuzeiro Belem, PA (Brasil): 1992. p. 19-22 (BR9405033-AMS)
773 0 _t1. Reuniao Tecnico-Cientifica sobre o Melhoramento Genetico do Urucuzeiro
_wF30 BR9405033
_gBelem, PA (Brasil), 1992. p. 19-22
650 _aUrucum
650 _aSelecao Genetica
490 _aDocumentos - Centro de Pesquisa Agroflorestal da Amazonia Oriental (Brazil)
_vno. 69
_xISSN 0101-2835
942 _cAMS
_2AGRIS
909 _a202506
_bLúcia
_c55
_dLúcia Elande
999 _c336937
_d336937